AH International Schools' Libraries

Because of Winn-Dixie / (Record no. 20330)

MARC details
000 -LEADER
fixed length control field 00353nam a2200133Ia 4500
008 - FIXED-LENGTH DATA ELEMENTS--GENERAL INFORMATION
fixed length control field 120921s9999 xx 000 0 und d
020 ## - INTERNATIONAL STANDARD BOOK NUMBER
International Standard Book Number 9781406368505
100 ## - MAIN ENTRY--PERSONAL NAME
Personal name DiCamillo, Kate
245 ## - TITLE STATEMENT
Title Because of Winn-Dixie /
Remainder of title Kate DiCamillo
260 ## - PUBLICATION, DISTRIBUTION, ETC. (IMPRINT)
Name of publisher, distributor, etc Candlewick
260 ## - PUBLICATION, DISTRIBUTION, ETC. (IMPRINT)
Date of publication, distribution, etc 2015
Name of publisher, distributor, etc Walker Books
Place of publication, distribution, etc London
300 ## - PHYSICAL DESCRIPTION
Extent 158 p.
Dimensions 20 cm.
942 ## - ADDED ENTRY ELEMENTS (KOHA)
Source of classification or shelving scheme
Koha item type Book
Holdings
Withdrawn status Lost status Source of classification or shelving scheme Damaged status Not for loan Home library Current library Shelving location Date acquired Total Checkouts Full call number Barcode Date last seen Date checked out Koha item type
          Asian Hope Primary Library Asian Hope Primary Library Junior Fiction 11/05/2024 13 J FIC DIC 207130 11/12/2025 10/29/2025 Book

For any Logos Library related questions please contact Miss Art at swongnarasuk@asianhope.org.

For any Asian Hope Library related questions please contact Miss Raza at graza@asianhope.org.

Click here to explore our ebooks!

Powered by Koha